00196 a2200109 4500001000700000020000600007040001100013100000600024240002600030245002100056362000900077163972 a  cMagnum a-10aDois bons amigoslpor10aDois bons amigos0 a1899